| 000 | 00984cam a22003137a 4500 | ||
|---|---|---|---|
| 003 | CHAP | ||
| 005 | 20220329140706.0 | ||
| 008 | 971013s1982 r 00010 d | ||
| 010 | _a56138 | ||
| 011 | _a57110 | ||
| 035 | _a61263 | ||
| 040 | _cCHAP | ||
| 082 |
_a519.536 _bZ3 |
||
| 100 | 0 | 0 |
_aZárate de Lara, Guillermo P. _9124099 |
| 245 | 0 | _aRegresión lineal simple | |
| 260 |
_aChapingo, Méx. : _bUACH. Departamento de Suelos, _c(1982?) |
||
| 300 | _a98 p. | ||
| 590 |
_aBATCH-UPD _b10 _c20130110 _lUCH01 _h0102 |
||
| 590 |
_aBATCH-UPD _b10 _c20130110 _lUCH01 _h1739 |
||
| 590 |
_aBATCH-UPD _b10 _c20130409 _lUCH01 _h2052 |
||
| 590 |
_aBATCH-UPD _b10 _c20130410 _lUCH01 _h1118 |
||
| 590 |
_aBATCH-UPD _b10 _c20130914 _lUCH01 _h0345 |
||
| 590 |
_aCONVERSION _b10 _c20130109 _lUCH01 _h1330 |
||
| 650 | 1 | 4 |
_aAnálisis de regresión. _95974 |
| 650 | 1 | 4 |
_aProgramación lineal. _992371 |
| 901 | _aBK | ||
| 942 | _cLIBRO | ||
| 949 |
_a519.536 Z3 _bBC _cUACH _d-131646 _eUACH _h66409 _i61263 _mD _si |
||
| 999 |
_c56138 _d56138 |
||